Reflexiones en torno a la ideología de Ezequiel Martínez Estrada /
Uloženo v:
| Hlavní autor: | |
|---|---|
| Médium: | Neznámo |
| Jazyk: | Spanish |
| Vydáno: |
[Lugar de publicación no identificado] :
[editor no identificado],
1972.
|
| Témata: | |
| Tagy: |
Přidat tag
Žádné tagy, Buďte první, kdo vytvoří štítek k tomuto záznamu!
|
MARC
| LEADER | 000000000a22000000004500 | ||
|---|---|---|---|
| 001 | 003440 | ||
| 041 | 0 | |a spa | |
| 082 | 0 | 4 | |a Ar864.4 |b M385n |
| 100 | 1 | |a Naharg, James | |
| 245 | 1 | 0 | |a Reflexiones en torno a la ideología de Ezequiel Martínez Estrada / |c James Naharg. |
| 260 | 1 | |a [Lugar de publicación no identificado] : |b [editor no identificado], |c 1972. | |
| 300 | |a 211-225 páginas | ||
| 650 | 4 | |a MARTINEZ ESTRADA, EZEQUIEL, 1895-1964 | |
| 650 | 4 | |a LITERATURA ARGENTINA | |
| 650 | 4 | |a ENSAYOS | |
| 650 | 4 | |a CRITICA | |
| 999 | |c 9664 |d 9664 | ||
| 942 | |c BK |h Ar864.4 M385n |2 z | ||
